Detalles MARC
| 000 -LEADER |
| campo de control de longitud fija |
05633nam a22003377a 4500 |
| 001 - NÚMERO DE CONTROL |
| campo de control |
TIGAL 0088 |
| 003 - IDENTIFICADOR DE NÚMERO DE CONTROL |
| campo de control |
gtcocun |
| 005 - FECHA Y HORA DE LA ÚLTIMA TRANSACCIÓN |
| campo de control |
20250917175408.0 |
| 006 - CÓDIGOS DE INFORMACIÓN DE LONGITUD FIJA--CARACTERÍSTICAS DEL MATERIAL ADICIONAL |
| campo de control de longitud fija |
a||||gr|||| 00| 0 |
| 007 - CAMPO FIJO DE DESCRIPCIÓN FÍSICA--INFORMACIÓN GENERAL |
| campo de control de longitud fija |
ta |
| 008 - DATOS DE LONGITUD FIJA--INFORMACIÓN GENERAL |
| campo de control de longitud fija |
250917b2024 gt ||||| m||| 00| 0 eng d |
| 040 ## - FUENTE DE CATALOGACIÓN |
| Centro catalogador/agencia de origen |
gtcocun |
| Lengua de catalogación |
SPA |
| Centro/agencia transcriptor |
gtcocun |
| Normas de descripción |
RDA |
| 041 ## - CÓDIGO DE IDIOMA |
| Código de lengua del texto/banda sonora o título independiente |
SPA TIGAL 0088 |
| 084 ## - OTRO NÚMERO DE CLASIFICACIÓN |
| Número de control del registro de autoridad o número normalizado |
TIGAL 0088 |
| 100 ## - ENTRADA PRINCIPAL--NOMBRE DE PERSONA |
| Nombre de persona |
Maas Gatica, Melany Salome |
| Término indicativo de función/relación |
Autor |
| 245 ## - MENCIÓN DEL TÍTULO |
| Título |
EVALUACIÓN AMBIENTAL DEL EFECTO DE LA ROZA AGRÍCOLA SOBRE LAS PROPIEDADES FÍSICAS Y QUÍMICAS DEL RECURSO SUELO BAJO LAS CONDICIONES DE LA COMUNIDAD CARRALHÁ DE COBÁN ALTA VERAPAZ/ |
| Mención de responsabilidad, etc. |
Melany Salome Maas Gatica. |
| Medio |
Impreso |
| 264 ## - PRODUCCIÓN, PUBLICACIÓN, DISTRIBUCIÓN, FABRICACIÓN Y COPYRIGHT |
| Producción, publicación, distribución, fabricación y copyright |
Cobán, Alta Verapaz: |
| Nombre del de productor, editor, distribuidor, fabricante |
Universidad de San Carlos de Guatemala, Centro Universitario del Norte, Carrera de Ingeniería en Gestión Ambiental Local |
| Fecha de producción, publicación, distribución, fabricación o copyright |
2024 |
| 300 ## - DESCRIPCIÓN FÍSICA |
| Extensión |
92 p.: |
| Otras características físicas |
Ilustraciones, gráficas. |
| Dimensiones |
28 cm; |
| 300 ## - DESCRIPCIÓN FÍSICA |
| Dimensiones |
PDF |
| 336 ## - TIPO DE CONTENIDO |
| Fuente |
rdacontenido |
| Término de tipo de contenido |
Texto |
| Código de tipo de contenido |
txt |
| 337 ## - TIPO DE MEDIO |
| Fuente |
rdamedio |
| Nombre/término del tipo de medio |
Computadora |
| Código del tipo de medio |
n |
| 338 ## - TIPO DE SOPORTE |
| Fuente |
rdasoporte |
| Nombre/término del tipo de soporte |
Código en línea |
| Código del tipo de soporte |
cr |
| 502 ## - NOTA DE TESIS |
| identificador de la tesis |
TIGAL 0088 |
| 502 ## - NOTA DE TESIS |
| Nota de tesis |
Tesis de grado |
| Tipo de título |
Carrera de Ingeniería en Gestión Ambiental Local, |
| Nombre de la institución que otorga el título |
Universidad de San Carlos de Guatemala, Centro Universitario del Norte, Carrera de Ingeniería en Gestión Ambiental Local |
| Año de obtención del título |
2024 |
| Identificador de la tesis |
TIGAL 0088 |
| 520 14 - RESUMEN, ETC. |
| Sumario, etc. |
El presente estudio se realizó en la comunidad de Carralhá Cobán Alta Verapaz, donde se<br/>planteó como objetivo general evaluar las variaciones a las propiedades físicas y químicas<br/>del suelo e identificar los daños ambientales suscitados por efectos de la quema agrícola.<br/>Los pequeños agricultores hacen uso de la práctica de la quema de roza, en labores<br/>preparatorias para la siembra de sus cultivos, con el fin de eliminar malezas.<br/><br/>Los beneficios de implementar esta práctica son: El menor riesgo a las plagas y<br/>enfermedades, mayor flexibilidad para la distribución de la mano de obra durante el año y<br/>extracción de nutrimentos de mayores profundidades del suelo. Estas son las razones para<br/>su uso, sin embargo, también ocurren efectos negativos a nivel interno de la superficie de<br/>la tierra, no observables a simple vista, y por tanto, no son considerados efectos que pueden<br/>mostrarse a mediano y largo plazo, alteran las características físicas y químicas del suelo<br/>llevándolo a una superficie neutra, al neutralizar la acidez de la superficie por las cenizas<br/>alcalinas.<br/><br/>Se evaluaron los efectos causados por la roza y quema agrícola a nivel de parámetros<br/>físicos, como textura, estructura, densidad, humedad; parámetros químicos, como<br/>elementos la materia orgánica, pH, fósforo, sodio, potasio, calcio, zinc, cobre, magnesio,<br/>hierro y parámetros importantes del suelo de tipo ambientales como la disminución y<br/>pérdida de la fertilidad y efectos al recurso aire y agua. De esta forma, se identificaron<br/>efectos negativos a causa del deterioro del recurso suelo, razón por las que son sometidos<br/>a procesos de quema de agrícola. Se utilizó el modelo estadístico T de Student para<br/>muestras pareadas, para analizar y comparar un antes y después de realizar la práctica<br/>agrícola quema de roza en los efectos cuantitativas de los elementos físicos y químicos.<br/><br/>Según los resultados obtenidos en el laboratorio y en análisis estadístico de las propiedades<br/>químicas, luego de realizar la quema agrícola en el suelo estudiado, se produjo un<br/>incremento de valor y disponibilidad de nutrientes en valores importantes como el fósforo,<br/>magnesio y calcio. Los valores químicos que no mostraron variación en el análisis<br/>estadístico fueron potasio, sodio, hierro y cobre. En el caso de las propiedades físicas, luego<br/>de realizar la quema agrícola en el suelo, se observaron cambios en la estructura y densidad<br/>aparente, en el caso de la textura no mostro variación de cambio.<br/><br/>En relación al ambiente, la quema agrícola es una de las principales fuentes de<br/>contaminación por sus efectos no sólo al suelo sino también al agua y al aire. Por lo tanto,<br/>constituye un problema para nuestro medio dada las repercusiones que ésta tiene, es por<br/>ello que se deben hacer esfuerzos para mejorar las técnicas que permitan la detección de<br/>agentes contaminantes.<br/><br/>Los componentes ambientales que son afectados con la quema agrícola, observables en la<br/>zona de estudio, fueron la contaminación del aire con cantidades de humo negro producto<br/>de la quema, elevación brusca de la temperatura local, destrucción del paisaje del lugar,<br/>variabilidad y disponibilidad de nutrientes químicos y físicos del suelo. Los impactos<br/>observables a mediano plazo que afectan de forma negativa al ambiente del terreno estudiado fueron la reducción o pérdida de la capa arable del suelo de la materia orgánica y de la fauna<br/>microbiana, aparecían en el subsuelo de un color de café a vertisol pardo oscuro, e incluso de algunas rocas, mayormente en terrenos de alta pendiente, esto por efectos de la erosión<br/>eólica e hídrica. A la vez, aparece un tipo de maleza agreste, un tipo de pasto comúnmente<br/>denominado navajuela, de rápido crecimiento y difícil eliminación, que se acomoda a las<br/>nuevas condiciones de infertilidad del suelo. |
| 650 14 - PUNTO DE ACCESO ADICIONAL DE MATERIA--TÉRMINO DE MATERIA |
| Fuente del encabezamiento o término |
LEMB |
| Término de materia o nombre geográfico como elemento de entrada |
Cobán, Alta Verapaz |
| Subdivisión general |
Ingeniería en Gestión Ambiental Local |
| -- |
Propiedades físicas |
| -- |
Daños ambientales |
| -- |
Plagas |
| -- |
Cenizas alcalinas |
| -- |
Parámetros químicos |
| 700 ## - ENTRADA AGREGADA--NOMBRE PERSONAL |
| Nombre de persona |
Ing. Agr. Nestor Caal Suc |
| Término indicativo de función/relación |
Asesor |
| 856 ## - LOCALIZACIÓN Y ACCESO ELECTRÓNICOS |
| Identificador Uniforme de Recurso |
<a href="https://drive.google.com/file/d/1l5uzTh1nKoaC4-1yCNdbgJC0ylY6bU9x/view">https://drive.google.com/file/d/1l5uzTh1nKoaC4-1yCNdbgJC0ylY6bU9x/view</a> |
| Texto de enlace |
PDF |
| Nota pública |
Un ejemplar en línea. |
| 942 ## - ELEMENTOS DE ENTRADA SECUNDARIOS (KOHA) |
| Fuente de la clasificación o esquema de estantería |
Clasificación Decimal Dewey |
| Tipo de ítem Koha |
TESIS |
| Parte de la signatura que identifica el ejemplar (Parte del ítem) |
TIGAL 0088 |
| Prefijo de la signatura |
Clasificación |
| Suprimir en OPAC |
No |
| -- |
TIGAL_0088_000000000000000 |